Tài liệu bồi dưỡng đổi mới phương pháp dạy học ở tiểu học môn Tiếng Việt, Tự nhiên xã hội Tài liệu được xuất bản trong khuôn khổ dự án phát triển giáo viên tiểu học

Gồm các nội dung:1. Tập làm văn: Kể chuyện gia đình; 2. Kể chuyện đấu bóng đá dưới lòng đường; 3. Luyện từ và câu nhân hóa; 4. Ánh sáng

Spremljeno u:
Bibliografski detalji
Glavni autor: Bộ giáo dục và Đào tạo
Format: Knjiga
Jezik:Undetermined
Online pristup:http://lrc.tdmu.edu.vn/opac/search/detail.asp?aID=2&ID=21155
Oznake: Dodaj oznaku
Bez oznaka, Budi prvi tko označuje ovaj zapis!
Thư viện lưu trữ: Trung tâm Học liệu Trường Đại học Thủ Dầu Một
LEADER 01025nam a2200157Ia 4500
001 TDMU_21155
008 210410s9999 xx 000 0 und d
082 |a 372.8 
090 |b T103 
100 |a Bộ giáo dục và Đào tạo 
245 0 |a Tài liệu bồi dưỡng đổi mới phương pháp dạy học ở tiểu học môn Tiếng Việt, Tự nhiên xã hội 
245 0 |b Tài liệu được xuất bản trong khuôn khổ dự án phát triển giáo viên tiểu học 
245 0 |c Bộ Giáo dục và Đào tạo. Dự án phát triển giáo viên tiểu học 
520 |a Gồm các nội dung:1. Tập làm văn: Kể chuyện gia đình; 2. Kể chuyện đấu bóng đá dưới lòng đường; 3. Luyện từ và câu nhân hóa; 4. Ánh sáng 
856 |u http://lrc.tdmu.edu.vn/opac/search/detail.asp?aID=2&ID=21155 
980 |a Trung tâm Học liệu Trường Đại học Thủ Dầu Một